Ikhwan-Us-Safa (Record no. 7743)

MARC details
000 -LEADER
fixed length control field 00576nam a2200253 a 4500
020 ## - INTERNATIONAL STANDARD BOOK NUMBER
ISBN
082 00 - DEWEY DECIMAL CLASSIFICATION NUMBER
Classification number 297.4
Author Cutter ALI2
100 ## - MAIN ENTRY--AUTHOR NAME
Author name Ali, Ikram
245 ## - TITLE STATEMENT
Title Ikhwan-Us-Safa
260 ## - PUBLICATION, DISTRIBUTION, ETC. (IMPRINT)
Place of publication London
Name of publisher Wm. H.. Allen and Co.
Year of publication 1861
300 ## - PHYSICAL DESCRIPTION
Number of Pages 176p
500 ## - GENERAL NOTE
General note includes index and biblioraphy
505 2# - FORMATTED CONTENTS NOTE
Formatted contents note Index
650 ## - SUBJECT ADDED ENTRY--TOPICAL TERM
Topical Term Sufism
650 ## - SUBJECT ADDED ENTRY--TOPICAL TERM
Topical Term Ikhwan-Us-Sufa
942 ## - ADDED ENTRY ELEMENTS (KOHA)
Koha item type Books
700 1# -
-- Ali, Ikram
Holdings
Collection code Home library Current library Date acquired Cost, normal purchase price Full call number Accession Number Koha item type
  Henry Martyn Institute Library Henry Martyn Institute Library 04/10/2008 100.00 297.4 ALI2 010385 Books
                   Copyright © 2026 | Henry Martyn Institute | Hyderabad | TS-500052 | INDIA | Implemented by hmi.edu.in
Hit-Count:

Powered by Koha